Missing Word: #1 Hits of 1985 Quiz Stats

 Plays Quiz Updated Jul 8, 2020

Support Sporcle.
Go Orange.
Score 0/18 Timer 03:00
2 Plays Today
#1 Hit Song Missing Word % Correct
I Want to Know What _____ IsLove
95%
Take on _____Me
91.7%
Like a _____Virgin
90.9%
Crazy for _____You
90.8%
We _____ This CityBuilt
84.1%
We Are the _____World
83.2%
Don't You ( _____ About Me)Forget
79.8%
_____ Wants to Rule the WorldEverybody
76%
_____-Time LoverPart
74%
#1 Hit Song Missing Word % Correct
A View to a _____Kill
72.9%
_____ for NothingMoney
71.2%
_____ All My Love for YouSaving
70.7%
Can't _____ This FeelingFight
69%
The _____ of LovePower
69%
_____ WhisperCareless
67.7%
One More _____Night
58.4%
_____ WingsBroken
50%
Every _____ You Go AwayTime
49.2%

Today's Daily Dose

Missing Word
Candy Slogans

Quick Pick
Batman's Robins

Get the Picture
Streaming Services

From the Vault

Thankless Grab Bag

by Exodiafinder687

Holiday 10m
Some people just don't know how to say "Thank You".
Remove Ads.
Support Sporcle.
Get the best of Sporcle when you Go Orange. This ad-free experience offers more features, more stats, and more fun while also helping to support Sporcle. Thank you for becoming a member.

Show Comments

Extras

Top Quizzes Today


Score Distribution

Your Account Isn't Verified!

In order to create a playlist on Sporcle, you need to verify the email address you used during registration. Go to your Sporcle Settings to finish the process.

Report this User

Report this user for behavior that violates our Community Guidelines.

Details: